000 00333nam a2200145Ia 4500
100 _aBakshi U A/ Godse/ A.P.
942 _cBK
654 _aelectronics
245 _aBasic Electrical Electronics Engineering
260 _bTechnical Pub
_c2001
082 _a621.381
_bBAK/GOD
300 _a696 0
546 _aENGLISH
999 _c33647
_d33647